Études d'histoire biblique / (Record no. 1614)
[ view plain ]
| 000 -LEADER | |
|---|---|
| fixed length control field | 01992cam a22005057i 4500 |
| 001 - CONTROL NUMBER | |
| control field | data |
| 005 - DATE AND TIME OF LATEST TRANSACTION | |
| control field | 20260322212109.0 |
| 008 - FIXED-LENGTH DATA ELEMENTS--GENERAL INFORMATION | |
| fixed length control field | data |
| 035 ## - SYSTEM CONTROL NUMBER | |
| System control number | 23960731 |
| 010 ## - LIBRARY OF CONGRESS CONTROL NUMBER | |
| LC control number | 2024408132 |
| 016 7# - NATIONAL BIBLIOGRAPHIC AGENCY CONTROL NUMBER | |
| Record control number | 020582522 |
| Source | Uk |
| 020 ## - INTERNATIONAL STANDARD BOOK NUMBER | |
| International Standard Book Number | 9789042946507 |
| Qualifying information | (hardcover) |
| 020 ## - INTERNATIONAL STANDARD BOOK NUMBER | |
| International Standard Book Number | 9042946504 |
| Qualifying information | (hardcover) |
| 020 ## - INTERNATIONAL STANDARD BOOK NUMBER | |
| Canceled/invalid ISBN | 9789042946514 |
| Qualifying information | (ebook) |
| 024 3# - OTHER STANDARD IDENTIFIER | |
| Standard number or code | 9789042946507 |
| 035 ## - SYSTEM CONTROL NUMBER | |
| System control number | (OCoLC)1314884456 |
| 040 ## - CATALOGING SOURCE | |
| Original cataloging agency | OHX |
| Language of cataloging | eng |
| Description conventions | rda |
| Transcribing agency | OHX |
| Modifying agency | DLC |
| -- | JHE |
| -- | PAU |
| -- | J9U |
| -- | YDX |
| -- | HUL |
| -- | UKMGB |
| -- | OCLCO |
| -- | DLC |
| 042 ## - AUTHENTICATION CODE | |
| Authentication code | lccopycat |
| 050 00 - LIBRARY OF CONGRESS CALL NUMBER | |
| Classification number | MLCM 2024/47715 (B) |
| 082 04 - DEWEY DECIMAL CLASSIFICATION NUMBER | |
| Classification number | 220.09 |
| Edition information | 23/eng/20221114 |
| 100 1# - MAIN ENTRY--PERSONAL NAME | |
| Personal name | Lipiński, Edward, |
| Relator term | author. |
| 245 10 - TITLE STATEMENT | |
| Title | Études d'histoire biblique / |
| Statement of responsibility, etc. | par Edward Lipiński. |
| 264 #1 - PRODUCTION, PUBLICATION, DISTRIBUTION, MANUFACTURE, AND COPYRIGHT NOTICE | |
| Place of production, publication, distribution, manufacture | Bristol, CT : |
| -- | Bristol, CT : |
| Name of producer, publisher, distributor, manufacturer | Peeters, |
| Date of production, publication, distribution, manufacture, or copyright notice | 2022. |
| 300 ## - PHYSICAL DESCRIPTION | |
| Extent | xli, 235 pages : |
| Other physical details | illustrations (some color), maps (some color), plans ; |
| Dimensions | 26 cm. |
| 336 ## - CONTENT TYPE | |
| Content type term | text |
| Content type code | txt |
| Source | rdacontent |
| 337 ## - MEDIA TYPE | |
| Media type term | unmediated |
| Media type code | n |
| Source | rdamedia |
| 338 ## - CARRIER TYPE | |
| Carrier type term | volume |
| Carrier type code | nc |
| Source | rdacarrier |
| 490 0# - SERIES STATEMENT | |
| Series statement | Orientalia Lovaniensia analecta, |
| International Standard Serial Number | 0777-978X ; |
| Volume/sequential designation | 307 |
| 500 ## - GENERAL NOTE | |
| General note | Minimal Level Cataloging Plus. |
| Institution to which field applies | DLC |
| 504 ## - BIBLIOGRAPHY, ETC. NOTE | |
| Bibliography, etc. note | Includes bibliographical references (pages xv-xli) and indexes. |
| 520 8# - SUMMARY, ETC. | |
| Summary, etc. | Les études présentées dans ce volume sont basées sur les cours et conférences d'histoire et d'archéologie bibliques donnés par l'auteur de 1986 à 2020. La bibliographie de ces années figure au début du volume, faisant suite à celle des années 1958-1995, parue dans la même série, OLA 65. |
| 630 00 - SUBJECT ADDED ENTRY--UNIFORM TITLE | |
| Uniform title | Bible |
| General subdivision | History. |
| 630 00 - SUBJECT ADDED ENTRY--UNIFORM TITLE | |
| Uniform title | Bible |
| General subdivision | Antiquities. |
| 630 06 - SUBJECT ADDED ENTRY--UNIFORM TITLE | |
| Uniform title | Bible |
| General subdivision | Histoire. |
| 630 06 - SUBJECT ADDED ENTRY--UNIFORM TITLE | |
| Uniform title | Bible |
| General subdivision | Antiquités. |
| 630 07 - SUBJECT ADDED ENTRY--UNIFORM TITLE | |
| Uniform title | Bible |
| Source of heading or term | fast |
| 630 07 - SUBJECT ADDED ENTRY--UNIFORM TITLE | |
| Uniform title | Bible |
| General subdivision | History |
| Source of heading or term | nli |
| 630 07 - SUBJECT ADDED ENTRY--UNIFORM TITLE | |
| Uniform title | Bible |
| General subdivision | Antiquities |
| Source of heading or term | nli |
| 650 #7 - SUBJECT ADDED ENTRY--TOPICAL TERM | |
| Topical term or geographic name entry element | Antiquities |
| Source of heading or term | fast |
| 655 #7 - INDEX TERM--GENRE/FORM | |
| Genre/form data or focus term | History |
| Source of term | fast |
| 906 ## - LOCAL DATA ELEMENT F, LDF (RLIN) | |
| a | 7 |
| b | cbc |
| c | copycat |
| d | 2 |
| e | ncip |
| f | 20 |
| g | y-gencatlg |
| 925 0# - | |
| -- | acquire |
| -- | 1 shelf copy |
| -- | policy default |
| 985 ## - | |
| -- | PCSC contract |
| Withdrawn status | Lost status | Damaged status | Not for loan | Home library | Current library | Shelving location | Date acquired | Total checkouts | Full call number | Barcode | Date last seen | Price effective from | Koha item type |
|---|---|---|---|---|---|---|---|---|---|---|---|---|---|
| Institut Protestant de Théologie | Institut Protestant de Théologie | General stacks | 22/03/2026 | 220.09 | LOC-IPT-00005 | 22/03/2026 | 22/03/2026 | Books |